Transmission of brown bast of rubber trees by bark-grafting (Record no. 71498)
[ view plain ]
| 000 -LEADER | |
|---|---|
| fixed length control field | 01464nam a2200193Ia 4500 |
| 100 ## - MAIN ENTRY--AUTHOR NAME | |
| Personal name | Murong Chen |
| 245 #0 - TITLE STATEMENT | |
| Title | Transmission of brown bast of rubber trees by bark-grafting |
| 260 ## - PUBLICATION, DISTRIBUTION, ETC. (IMPRINT) | |
| Name of publisher | Proceedings of IRRDB Symposium 1999, Hainan, Peoples Republic of China. pp.245-253. |
| 520 ## - SUMMARY, ETC. | |
| Summary, etc | Transmitting test on brown bast of rubber trees by bark-grafting gave following results: 1) Three months after grafting, typical brown bast symptoms displayed on the trunks of the originally health stocks. The incidence of disease was 29-50;. The symptoms were water-soaked, brown lesion on the bark, dryness on the cut and less latex. 2) Assaying by means of micro-precipitation and ELISA showed that trunks with brown bast accounted for 40-45;of the originally healthy stocks 13-14 months after grafting. 3) Examined under electronic microscope, Phytoplasma were discovered in the cells of the phloem tissues from the trunks of the originally healthy stocks. The size of the Phytoplasma was 300-850mm, with one layer of membrane in 9-12 mm thickness. No these Phytoplasma were discovered in the cell of the phloem tissues from the controlled trunks (healthy stocks, not grafting with diseased scions). |
| 650 ## - SUBJECT ADDED ENTRY--TOPICAL TERM | |
| Topical Term | Brown bast |
| 650 ## - SUBJECT ADDED ENTRY--TOPICAL TERM | |
| Topical Term | Diseased bark |
| 650 ## - SUBJECT ADDED ENTRY--TOPICAL TERM | |
| Topical Term | Transmission by bark-grafting |
| 700 ## - ADDED ENTRY--PERSONAL NAME | |
| Personal name | Daquan Luo |
| 700 ## - ADDED ENTRY--PERSONAL NAME | |
| Personal name | Laiyu Xu |
| 700 ## - ADDED ENTRY--PERSONAL NAME | |
| Personal name | Qiangchun Huang |
| 700 ## - ADDED ENTRY--PERSONAL NAME | |
| Personal name | Shabin Ye |
| 942 ## - ADDED ENTRY ELEMENTS (KOHA) | |
| Koha item type | Journals |
| Withdrawn status | Lost status | Damaged status | Not for loan | Home library | Current library | Shelving location | Date acquired | Koha item type |
|---|---|---|---|---|---|---|---|---|
| Journals | RRII Library | RRII Library | Physiology | 17/12/2021 | Journals |